000 00572nam a2200205Ia 4500
008 241004s9999 xx 000 0 und d
020 _a9788174792402
037 _aTextbook
040 _aARTS
_beng
_cARTS
041 _aeng
_2eng
084 _aQ3.2 R2
_qARTS
100 _aPalit Projit Kumar Ed.
245 _aJainism and jaina culture in India
_cPalit Projit Kumar Ed.
260 _aIndia
_bNew Delhi Kaveri Books
_c2022
300 _axxiii,357p.
365 _aINR
_b1950
650 _aJainism
942 _cTB
_hQ3.2 R2
999 _c1218717
_d1218717